00886nam a2200241Ia 4500003000400000005001700004008004100021020001800062040001800080041000800098082002300106100003500129245004000164250001200204260005800216300002900274650003600303650004400339650004000383942003200423999001900455952017000474OSt20250603115337.0210716s2014 xx 000 0 und d a9789325977877 cAIMIT LIBRARY aeng a006.6768 21bDIXP aDixit, Prasanna Kumar.9212544 aStruts 2 /cBy Prasana Kumar Dixit. a1st ed. aNew Delhi :bVikas Publishing House Pvt Ltd ,c2014. axiv,493p. ;bPBc25.6 cm aIntorduction to strruts9212545 aStruts 2 framework architecture9212546 aCore components of struts 29212547 2ddccBKe1stk006.6768 DIXP c194283d194283 00102ddc40708MCAaAIMITbAIMITeKnowledge Worldg395.00iBill no:341; Bill dt:2014-11-28l0o006.6768 DIXPpMCA13791r2026-05-23 00:00:00v296.25w2021-07-16yBK